000 01111nam a2200265Ia 4500
999 _c39625
_d39625
001 6225
003 GE_BSU
005 20210408125519.0
008 181216s2013||||g |||||||||||||| ||ge ||
020 _a9789941929748.
040 _cGE_BSU
041 _ageo
080 _a811.353.1'38(075.8) ც-51
100 _aცეცხლაძე, ნანა
_94739
245 _aსტილისტიკა /
_c ნანა ცეცხლაძე, მზია ხახუტაიშვილი ; რედ. მამია ფაღავა.
264 _aთბილისი :
_bივერიონი,
_c2013.
300 _a321 გვ. ;
_c20 სმ.
504 _aბიბლიოგრ. გვ. 229-310
520 _aრეზიუმე ინგლისურ ენაზე
653 _aსტილისტიკა
653 _aსახელმძღვანელო
700 _aხახუტაიშვილი, მზია
_eავტორი
_96964
700 _aფაღავა, მამია
_eრედაქტორი
_911194
942 _cBK
_2udc